| 000 | 00501nam a2200205Ia 4500 | ||
|---|---|---|---|
| 005 | 20250425161359.0 | ||
| 008 | 250425s9999 xx 000 0 und d | ||
| 020 | _a0070173362 | ||
| 041 | _aeng | ||
| 082 | _a620.0044 | ||
| 100 | _aDOEBELIN, ERNEST O. | ||
| 245 | 0 | _aMESUREMENT SYSTEMS: APPLICATION AND DESIGN | |
| 250 | _aS.E. | ||
| 260 |
_aEstados Unidos _bMCGRAW-HILL _c1975 |
||
| 260 | _aNEW YORK | ||
| 300 | _a772 | ||
| 650 | _aMEDICIONES MECANICAS | ||
| 942 | _c01 | ||
| 010 | _a18994 | ||
| 999 |
_c208078 _d208078 |
||